Stadien der Em 2024 - Statistiken

Allgemein
  • Dieses Quiz wurde 209 mal gespielt
  • Das Durchschnittsergebnis liegt bei 9 aus 10
Antwortstatistiken
Kapazität Antwort % Korrekt
75.021 Allianz Arena (München)
100%
81.365 Signal Iduna Park (Dortmund)
97%
74.475 Olympiastadion (Berlin)
96%
57.000 Volksparkstadion (Hamburg)
92%
60.449 MHPArena (Stuttgart)
89%
47.069 Red Bull Arena (Leipzig)
89%
50.000 Rheinenergiestadion (Köln)
87%
62.271 Veltins Arena (Gelsenkirchen)
87%
58.000 Deutsche Bank Park (Frankfurt)
85%
54.6000 Merkur Spiel-Arena (Düsseldorfk
84%
Keine übereinstimmenden Quizze gefunden
Verteilung der Resultate
Anzahl Personen mit jedem Resultat
Perzentil nach korrekt beantworteten Fragen
Ihre Resultats-Entwicklung
Sie haben dieses Quiz noch nicht gespielt